000 00589nam a2200193 a 4500
001 000028612
005 20200930055034.0
008 110411s1994 dr a 000 p spa d
040 _aDO-SdBNP
_bspa
_cBNPHU
082 _axxx
_bC679v, 1994
100 1 _aCoiscou Weber, Rodolfo,
_d1924-
_922552
245 1 0 _aVelero del regreso :
_bpoemas /
_cRodolfo Coiscou Weber.
250 _a2a ed.
260 _aSanto Domingo :
_bCasa Weber,
_c1994.
300 _a46 p. :
_bil. ;
_c21 cm.
490 1 _aAntologĂ­a de nuestra voz
_v50
830 0 _aAntologĂ­a de nuestra voz;
_n50
_955566
049 _aBNPD
999 _c28104
_d28104